=LDR 00000nam 2200000 4500 =001 NUTBA000000000002176 =005 20200903090902 =035 ##$$a 0010-061400000000119 =008 200903###########################0###### =020 ##$$a 978-979-1429-41-2 =082 ##$$a 2X9.8 =100 ##$$a TAMAM =245 1#$$a Kisah-kisah 20 Panglima Perang Islam =260 ##$$a SURABAYA :$b AMELIA,$c 2008 =990 ##$$a 21400613/BPAP-NTB/20142014